Cơ sở đồ họa máy tính

সংরক্ষণ করুন:
গ্রন্থ-পঞ্জীর বিবরন
প্রধান লেখক: Hoàng Kiếm
অন্যান্য লেখক: Dương Anh Đức, Lê Đình Duy, Vũ Hải Quân
বিন্যাস: গ্রন্থ
প্রকাশিত: H, Giáo dục 2001
সংস্করন:Tái bản lần 2
বিষয়গুলি:
ট্যাগগুলো: ট্যাগ যুক্ত করুন
কোনো ট্যাগ নেই, প্রথমজন হিসাবে ট্যাগ করুন!
Thư viện lưu trữ: Trung tâm Học liệu Lê Vũ Hùng, Trường Đại học Đồng Tháp
LEADER 00989pam a22002778a 4500
001 00017692
005 20171026081022.0
008 110421s2001 ||||||Viesd
020 |c 20000 
041 0 # |a Vie 
082 1 4 |a 005.6  |b C460S 
100 0 # |a Hoàng Kiếm 
245 0 0 |a Cơ sở đồ họa máy tính  |c Hoàng Kiếm, Dương Anh Đức, Lê Đình Duy, Vũ Hải Quân 
250 # # |a Tái bản lần 2 
260 # # |a H,  |b Giáo dục  |c 2001 
300 # # |a 344tr.  |c 21cm. 
653 # # |a Cơ sở đồ họa máy tính 
653 # # |a Đồ họa 
700 0 # |a Dương Anh Đức 
700 0 # |a Lê Đình Duy 
700 0 # |a Vũ Hải Quân 
852 # # |b Kho mượn  |j KM.0006030, KM.0006031, KM.0006032, KM.0006033 
852 # # |b Kho đọc  |j KD.0003134 
852 # # |j KM.0006030  |j KM.0006032  |j KM.0006033  |j KD.0003134  |j KM.0006031 
910 |d 21/04/2011 
980 # # |a Trung tâm Học liệu Lê Vũ Hùng, Trường Đại học Đồng Tháp